Liedtext - Mephisto - Bushido erste 500 Wörter - Statistiken

Allgemein
  • Dieses Quiz wurde 40 mal gespielt
  • Das Durchschnittsergebnis liegt bei 252 aus 500
Antwortstatistiken
Antwort % Korrekt
er
97%
Er
97%
er,
97%
es
94%
Es
94%
Die
89%
die
89%
Mephisto
89%
war
89%
sein
86%
sein,
86%
yeah
86%
Junge
81%
Junge,
81%
und
81%
Und
81%
als
78%
der
78%
Der
78%
ein
78%
Ein
78%
sie
78%
Bruder
75%
in
75%
In
75%
all
72%
ich
72%
Mutter
72%
zu
72%
Das
69%
dem
69%
Dem
69%
wir
69%
Berlin
67%
diese
67%
Diese
67%
du
67%
Du
67%
"du
67%
hör
67%
"Hör
67%
nicht
67%
nicht,
67%
Nicht
67%
seine
67%
so
67%
viel
67%
was
67%
an
64%
aus
64%
kein
64%
kleiner
64%
damals
61%
den
61%
Jungen.
61%
mehr
61%
mehr,
61%
Wie
61%
wie
61%
auf
58%
gab
58%
her.
58%
ihn
58%
ihn.
58%
jetzt
58%
jetzt,
58%
Seele.
58%
Seele
58%
Tag
58%
wollt'
58%
am
56%
diesen
56%
für
56%
Für
56%
Mach
56%
mir
56%
mit
56%
Mit
56%
sich
56%
Teufel
56%
von
56%
will
56%
dich
53%
dich"
53%
dir,
53%
keine
53%
musste
53%
sah.
53%
wer
53%
wollte
53%
zwischen
53%
alleinerziehend
50%
andere
50%
deine
50%
Doch
50%
doch
50%
frag'
50%
ihm
50%
im
50%
nach
50%
nur
50%
schmutz
50%
um
50%
warum?
50%
weg
50%
Abschaum
47%
Ende
47%
genau
47%
Grund
47%
Leben.
47%
Leben
47%
man
47%
mussten
47%
Reise
47%
Scheine
47%
verdien'n
47%
Wahl.
47%
deswegen
44%
einen
44%
gib
44%
haben
44%
hatte
44%
kam
44%
ohne
44%
Wort.
44%
wurde
44%
blieb
42%
diesem
42%
ging
42%
kannst
42%
lieb'
42%
mal,
42%
sagt
42%
schön:
42%
Strasse
42%
Tagtraum,
42%
Vater
42%
Vision
42%
weiss
42%
willst
42%
willst,
42%
also
39%
bezahl'n
39%
dreh
39%
gutem
39%
heute
39%
komm
39%
Label
39%
machen
39%
macht
39%
mein
39%
mich
39%
sagte,
39%
trat
39%
wurden
39%
zum
39%
Alles
36%
bis
36%
Denk
36%
denn
36%
einmal
36%
fragte
36%
hörte,
36%
kalt
36%
klären
36%
kommt,
36%
kommt
36%
krank.
36%
Sohn.
36%
sorgen.
36%
Suche.
36%
waren
36%
wenig
36%
zurück.
36%
darauf
33%
einfach
33%
Jeder
33%
nah
33%
'nem
33%
noch
33%
oben,
33%
Ort.
33%
Raum
33%
seinen
33%
sprach
33%
Beistand,
31%
bisschen
31%
dagegen,
31%
Fall"
31%
Gold.
31%
grösser
31%
Jahr
31%
jedem
31%
machte
31%
Schatten
31%
Typ
31%
überlegte
31%
vertrauen,
31%
vor
31%
war's
31%
zwar
31%
Befehle
28%
Engel
28%
Erde
28%
Freunde,
28%
Ghetto.
28%
Himmel
28%
*Hochmut
28%
ins
28%
neue
28%
seines
28%
Sense.
28%
vereinsamt.
28%
verkauft,
28%
Zukunft
28%
Blut,
25%
Blut.
25%
Bordstein
25%
dieses
25%
Electro,
25%
gab's
25%
könne
25%
leise.
25%
Lichtblicke
25%
Limit,
25%
Nächte
25%
nichts
25%
rar.
25%
schlag'
25%
Skyline
25%
Sterne.
25%
Tränen,
25%
Tränen
25%
verzweifelt
25%
viele
25%
Wettlauf
25%
Angst.
22%
Apfel
22%
Brutto
22%
Dark
22%
Deutschland
22%
Dinge,
22%
Eden.
22%
Egal
22%
Freiheit
22%
ganze
22%
Garten
22%
Geister,
22%
Geschäftsmann
22%
Gewissensbisse
22%
Glück
22%
Grenze.
22%
Idol,
22%
kam's
22%
König
22%
Ku'damm
22%
Land
22%
länger,
22%
Netto.
22%
Platin.
22%
rief,
22%
Schlange,
22%
Schweiss
22%
setz
22%
Staatsfeind,
22%
Stimmen,
22%
Vergessen
22%
verlor
22%
Wörter
22%
Abermillionen"
19%
begriff
19%
Chaos,
19%
Faxen
19%
forderten
19%
gelegen,
19%
Gemeinsam
19%
Händen
19%
Herz.
19%
Hyänen,
19%
Illusion.
19%
Joker-
19%
Köpfen
19%
Lawine
19%
Lebens,
19%
Plakat.
19%
Pläne,
19%
Rolle
19%
Rollen.
19%
selbst
19%
Sound
19%
Start.
19%
stieg
19%
Thron.
19%
Tribut
19%
vorher
19%
wohin
19%
2007,
17%
bestes:
17%
fallen
17%
herschte
17%
irgendwie
17%
Karma
17%
Knight.
17%
Kurve
17%
leicht
17%
meistens
17%
passierten,
17%
überall
17%
überall.
17%
verbrannte
17%
vergiftet
17%
Verletzlich.
17%
fühlte
14%
geborgen
14%
gegenüber,
14%
kalkuliert,
14%
Rekorde
14%
tötete
14%
Zweifel.
14%
Betäubt
11%
Not
11%
Preise,
11%
Rücksicht,
11%
plötlich
3%
Keine übereinstimmenden Quizze gefunden
Verteilung der Resultate
Anzahl Personen mit jedem Resultat
Perzentil nach korrekt beantworteten Fragen
Ihre Resultats-Entwicklung
Sie haben dieses Quiz noch nicht gespielt